000 00977cam a22003013a 4500
001 29594
003 PGUSA
005 20140828083635.0
008 090803s2009||||xxu|||||s|||||000 1 eng d
040 _aPGUSA
_beng
042 _adc
050 4 _aPZ
100 1 _aBarrow, Sarah L.
245 1 0 _aRed, White, Blue Socks. Part Second :
_bBeing the Second Book of the Series
_h[electronic resource] /
_cSarah L. Barrow
260 _bProject Gutenberg,
_c2009
506 _aPublic domain in the USA.
516 _aElectronic text
653 _aConduct of life -- Juvenile fiction
653 _aRole playing -- Juvenile fiction
653 _aSoldiers -- Juvenile fiction
653 _aPlay -- Juvenile fiction
653 _aFriendship -- Juvenile fiction
653 _aImagination -- Juvenile fiction
653 _aBoys -- Conduct of life -- Juvenile fiction
830 0 _aProject Gutenberg
_v29594
856 4 0 _uhttp://www.gutenberg.org/ebooks/29594
942 _cEB
999 _c258849
_d258849